00346 a2200097 4500001001000000005001700010008004100027245007900068100002600147773007500173ART_4744220260410161822.0260409a 10aImputación penal de las personas jurídicas y programas de cumplimiento1 aRobiglio, Carolina L.0 tDoctrina Penal Tributaria y Económicag- N° 49 (sep. 2018)wREV4317